LEADER 00871nam0-22003011i-450- 001 990003334810403321 005 20080227115417.0 035 $a000333481 035 $aFED01000333481 035 $a(Aleph)000333481FED01 035 $a000333481 100 $a20030910d1976----km-y0itay50------ba 101 0 $afre 102 $aFR 105 $ay-------001yy 200 1 $aExercices systematiques de prononciation francaise$fMonique Leon 210 $aParis$cHachette / Larousse$d1976 215 $a183 p.$d23 cm 610 0 $aLingua francese. Scrittura, fonologia, fonetica 676 $a441.52 700 1$aLéon,$bMonique$0394261 801 0$aIT$bUNINA$gRICA$2UNIMARC 901 $aBK 912 $a990003334810403321 952 $a441.52 LEO$b971$fDECLI 959 $aDECLI 996 $aExercices systématiques de prononciation française$9248714 997 $aUNINA LEADER 00988nam a2200253 i 4500 001 991000831129707536 005 20020507174140.0 008 000214s1997 it ||| | ita 035 $ab10763296-39ule_inst 035 $aLE01302975$9ExL 040 $aDip.to Matematica$beng 084 $aAMS 05B20 084 $aAMS 94B05 100 1 $aVitolo, Valentina$0535177 245 10$aDisegni e codici associati. Tesi di laurea /$claureanda Vitolo Valentina ; relat. Mauro Biliotti 260 $aLecce :$bUniversità degli studi. Facoltà di Scienze. Corso di laurea in Matematica,$ca.a. 1997-98 650 4$aLinear codes 700 1 $aBiliotti, Mauro 907 $a.b10763296$b02-04-14$c28-06-02 912 $a991000831129707536 945 $aLE013 TES 1997/98 VIT1$g1$i2013000118918$lle013$o-$pE0.00$q-$rl$s- $t0$u0$v0$w0$x0$y.i1085874x$z28-06-02 996 $aDisegni e codici associati. Tesi di laurea$9923219 997 $aUNISALENTO 998 $ale013$b01-01-00$cm$da $e-$fita$git $h0$i1